[Event "Women's Speed Chess Q2"]
[Site "chess.com INT"]
[Date "2020.06.19"]
[Round "11"]
[White "Skuhala, Barbara"]
[Black "Jakubowska, Anna"]
[Result "1-0"]
[WhiteTitle "WFM"]
[BlackTitle "WIM"]
[WhiteElo "2095"]
[BlackElo "2073"]
[WhiteFideId "14605465"]
[BlackFideId "1121952"]
[EventDate "2020.06.19"]

1. e4 c6 2. d4 d5 3. f3 dxe4 4. fxe4 Nf6 5. Nc3 Bg4 6. Be2 Bxe2 7. Ngxe2 e6 8.
Bf4 Bb4 9. Qd3 Nbd7 10. O-O-O Qa5 11. Kb1 O-O-O 12. e5 Nd5 13. Nxd5 exd5 14.
Rhf1 Rde8 15. Bg3 f6 16. exf6 Nxf6 17. a3 Be7 18. Nc3 Qd8 19. Na4 Qd7 20. Rfe1
Ne4 21. Be5 Bh4 22. g3 Bg5 23. Re2 Rhf8 24. Qb3 Qg4 25. Rde1 Nd2+ 26. Rxd2 Bxd2
27. Nc5 Rf7 28. Rg1 Ba5 29. Qa4 Bb6 30. Qb4 Qf3 31. Na4 Qf2 32. Nxb6+ axb6 33.
Rc1 Rfe7 34. Qd6 Rxe5 35. dxe5 Qc5 36. Qxc5 bxc5 37. Re1 Kd7 38. Kc1 d4 39. Kd2
Ke6 40. Kd3 Kd5 41. Rf1 Rxe5 42. Rf7 Re3+ 43. Kd2 g6 44. Rxb7 h5 45. Rd7+ Ke6
46. Rg7 Kf6 47. Rc7 Re6 48. a4 Ke5 49. a5 Kd6 50. Rg7 Re7 51. Rxg6+ Kc7 52. Rg5
Rh7 53. Rxc5 h4 54. g4 Rg7 55. h3 Rf7 56. Rh5 Rf2+ 57. Kd3 Rf3+ 58. Kxd4 Rxh3
59. b4 Rh2 60. c4 Rd2+ 61. Kc5 Rh2 62. Rh7+ Kb8 63. a6 Rc2 64. Kb6 Kc8 65. a7
Ra2 66. Rh8+ Kd7 67. a8=Q Rxa8 68. Rxa8 Ke6 69. Rh8 Ke5 70. Rxh4 1-0

[Event "Women's Speed Chess Q2"]
[Site "chess.com INT"]
[Date "2020.06.19"]
[Round "11"]
[White "Goltseva, Ekaterina"]
[Black "Efimenko, Maria"]
[Result "0-1"]
[WhiteTitle "FM"]
[BlackTitle "WIM"]
[WhiteElo "2306"]
[BlackElo "2245"]
[WhiteFideId "24173770"]
[BlackFideId "14124327"]
[EventDate "2020.06.19"]

1. d4 d6 2. e4 g6 3. c4 Bg7 4. Nc3 Nf6 5. Nf3 O-O 6. h3 Nbd7 7. Be3 e5 8. d5 a5
9. g4 Qe7 10. Nd2 Nc5 11. Be2 c6 12. h4 cxd5 13. cxd5 b6 14. h5 Ba6 15. Bxa6
Rxa6 16. Qe2 Raa8 17. Bg5 Qd7 18. f3 Rfb8 19. a4 Ne8 20. Kf2 Nc7 21. Be3 b5 22.
Bxc5 dxc5 23. axb5 Nxb5 24. Nxb5 Rxb5 25. Nc4 a4 26. Ra2 Rb4 27. hxg6 hxg6 28.
Ne3 Qb7 29. Kg3 Rb8 30. Rh2 Bf6 31. Nc4 Qb5 32. Ne3 Bg5 33. Rf2 Bf4+ 34. Kg2
Qxe2 35. Rxe2 Bxe3 36. Rxe3 Rxb2+ 37. Re2 Rxe2+ 38. Rxe2 Ra8 39. Ra2 a3 40. Kf2
Kf8 41. Ke3 Ke7 42. f4 f6 43. g5 exf4+ 44. Kxf4 Ra4 45. gxf6+ Kxf6 46. Kg4 Rxe4+
47. Kf3 Ra4 48. d6 Ke6 49. Ke3 Kxd6 50. Kd3 Kd5 51. Kc3 c4 52. Rd2+ Kc5 53. Ra2
g5 54. Kc2 g4 55. Kb1 g3 56. Rg2 Rb4+ 57. Ka1 Rb3 58. Rg1 Kd4 59. Rg2 Ke4 60.
Rg1 Kf3 61. Rf1+ Ke2 62. Rg1 Kf2 63. Rb1 g2 0-1

[Event "Women's Speed Chess Q2"]
[Site "chess.com INT"]
[Date "2020.06.19"]
[Round "11"]
[White "Mamedjarova, Zeinab"]
[Black "Zhuravleva, Olga"]
[Result "1-0"]
[WhiteTitle "WGM"]
[BlackTitle "WIM"]
[WhiteElo "2274"]
[BlackElo "2278"]
[WhiteFideId "13401521"]
[BlackFideId "4145933"]
[EventDate "2020.06.19"]

1. d4 Nf6 2. e3 e6 3. Nf3 b6 4. Bd3 Bb7 5. O-O Be7 6. b3 O-O 7. Bb2 d6 8. Nbd2
Nbd7 9. c4 c5 10. Rc1 Rc8 11. Bb1 h6 12. dxc5 Nxc5 13. Nd4 Re8 14. Qe2 a6 15.
Rfd1 Qc7 16. b4 Ncd7 17. N2b3 Qb8 18. f4 d5 19. Nf3 Bxb4 20. Ne5 Nxe5 21. Bxe5
Bd6 22. Bxf6 gxf6 23. Qg4+ Kf8 24. Qh4 Ke7 25. cxd5 Bxd5 26. Nd4 Rxc1 27. Rxc1
Rc8 28. Rf1 Qc7 29. Qxh6 Qc3 30. f5 e5 31. Nf3 Bc5 32. Kh1 Bxe3 33. Qh7 Qc4 34.
Re1 Qf4 35. Nh4 Qf2 36. Rd1 Rc7 37. Ng6+ Kd6 38. Be4 fxg6 39. Rxd5+ Kc6 40. Rd2+
Kb5 41. Bd3+ Ka5 42. Rxf2 Rxh7 43. fxg6 Rc7 44. Rxf6 Bf4 45. g3 Be3 46. h4 b5
47. Kg2 Kb4 48. Rxa6 Kc3 49. Bf5 Kd4 50. Kf3 Rc3 51. Rd6+ Kc5 52. Rd3 Rxd3 53.
Bxd3 Bh6 54. Ke4 Bg7 55. g4 b4 56. g5 Kd6 57. h5 Ke7 58. h6 Bh8 59. g7 Bxg7 60.
hxg7 Kf7 61. Kxe5 Kxg7 62. Kf5 Kf8 63. g6 Kg7 64. Bc4 b3 65. Bxb3 Kh6 66. Kf6
Kh5 67. g7 1-0

[Event "Women's Speed Chess Q2"]
[Site "chess.com INT"]
[Date "2020.06.19"]
[Round "11"]
[White "Vaishali, R"]
[Black "Maltsevskaya, Aleksandra"]
[Result "1-0"]
[WhiteTitle "WGM"]
[BlackTitle "WGM"]
[WhiteElo "2393"]
[BlackElo "2272"]
[WhiteFideId "5091756"]
[BlackFideId "24174041"]
[EventDate "2020.06.19"]

1. e4 c5 2. Nc3 Nc6 3. Nge2 e6 4. d4 cxd4 5. Nxd4 Nf6 6. Ndb5 Bc5 7. Bf4 O-O 8.
Bc7 Qe7 9. Bd6 Bxd6 10. Qxd6 Qd8 11. O-O-O Ne8 12. Qg3 a6 13. Nd6 Nxd6 14. Qxd6
b5 15. Kb1 b4 16. Ne2 Qa5 17. Nd4 Bb7 18. Be2 Nxd4 19. Rxd4 Bc6 20. Qxb4 Qg5 21.
g3 Rab8 22. Qc3 f5 23. f4 Qe7 24. Bf3 Rfc8 25. Qd2 Qa3 26. b3 Rb5 27. Qc1 Qc5
28. Rhd1 fxe4 29. Bxe4 Bxe4 30. Rxe4 Qc6 31. Red4 d5 32. Qd2 a5 33. a4 Rc5 34.
Rc1 Rb8 35. Ka2 Rc3 36. Rd3 Rc5 37. h4 Kf7 38. h5 g6 39. hxg6+ hxg6 40. Qh2 Kf6
41. Qe2 Kf7 42. Rd4 Rc3 43. Rd3 Rc5 44. Kb2 Rc4 45. Qe5 Re4 46. Qxb8 d4 47. Qa7+
Kf6 48. Rxd4 Re3 49. Rd3 Rxd3 50. cxd3 Qg2+ 51. Rc2 Qxg3 52. Qd4+ Kf5 53. Qe5+
Kg4 54. Qxe6+ Kf3 55. Qe2+ Kxf4 56. Rc4+ Kf5 57. Qe4+ Kg5 58. Rc5+ Kh6 59. Rc2
Qd6 60. Qh4+ Kg7 61. Qe4 Kh6 62. d4 g5 63. Qe5 Qd8 64. Rh2+ Kg6 65. Qe6+ Kg7 66.
Qh6+ Kf7 67. Rf2+ Ke7 68. Qf6+ Kd7 69. Qxd8+ Kxd8 70. Rf5 1-0

[Event "Women's Speed Chess Q2"]
[Site "chess.com INT"]
[Date "2020.06.19"]
[Round "11"]
[White "Yip, Carissa"]
[Black "Diakonova, Ekaterina"]
[Result "1-0"]
[WhiteTitle "IM"]
[WhiteElo "2420"]
[BlackElo "2209"]
[WhiteFideId "2090732"]
[BlackFideId "24172936"]
[EventDate "2020.06.19"]

1. e4 c6 2. d4 d5 3. Nc3 dxe4 4. Nxe4 Bf5 5. Ng3 Bg6 6. Nf3 Nf6 7. h4 h6 8. Ne5
Bh7 9. Bc4 e6 10. c3 Nbd7 11. Qb3 Qb6 12. Be3 Qxb3 13. axb3 Nd5 14. Nxd7 Kxd7
15. Bd2 Bd6 16. Nh5 Rhg8 17. Be2 Be4 18. O-O Be7 19. Ng3 Bc2 20. h5 g5 21. b4
Bd6 22. Rfc1 Bf5 23. b5 Bxg3 24. fxg3 Nb6 25. bxc6+ Kxc6 26. Bf3+ Kc7 27. g4 Bd3
28. c4 f5 29. b3 fxg4 30. Bxg4 Bf5 31. Bf3 Rgd8 32. Bc3 g4 33. Be2 Rd7 34. Rf1
Rg8 35. d5 Rg5 36. Be5+ Kc8 37. dxe6 Bxe6 38. Rf8+ Rd8 39. Rxd8+ Kxd8 40. Bf6+
Kd7 41. Bxg5 hxg5 42. Rd1+ Kc7 43. h6 Bf5 44. Bxg4 Bxg4 45. h7 Bxd1 46. h8=Q
Bxb3 47. Qe5+ Kc8 48. Qc5+ Kb8 49. Qd6+ Kc8 50. c5 Nd7 51. Kf2 Ba4 52. Kg3 Bc6
53. Qe7 g4 54. Qe6 Kc7 55. Qxg4 Nxc5 56. Qg7+ Kb6 57. Qb2+ Kc7 58. Kh4 Nd3 59.
Qg7+ Kb6 60. Qd4+ Nc5 61. g4 a5 62. g5 Kb5 63. g6 Nb3 64. Qe5+ Kb4 65. g7 a4 66.
g8=Q Ka3 67. Qf8+ Ka2 68. Qe2+ Ka1 69. Qa3+ 1-0

[Event "Women's Speed Chess Q2"]
[Site "chess.com INT"]
[Date "2020.06.19"]
[Round "11"]
[White "Alboredo, Julia"]
[Black "Starosta, Martyna"]
[Result "1-0"]
[WhiteTitle "WFM"]
[BlackTitle "WCM"]
[WhiteElo "2182"]
[BlackElo "2079"]
[WhiteFideId "2124807"]
[BlackFideId "21818754"]
[EventDate "2020.06.19"]

1. e4 e5 2. Nf3 Nc6 3. d4 exd4 4. Bc4 Nf6 5. e5 d5 6. Bb5 Ne4 7. Nxd4 Bd7 8.
Bxc6 bxc6 9. O-O Bc5 10. f3 Ng5 11. Be3 Bb6 12. f4 Ne4 13. Nd2 Nxd2 14. Qxd2 c5
15. Nf3 d4 16. Bf2 Bc6 17. f5 Bxf3 18. gxf3 Qd5 19. Bh4 Kd7 20. a4 a5 21. Bg3
Rae8 22. Rae1 Kc8 23. Kg2 h5 24. h4 g6 25. fxg6 fxg6 26. Qg5 Re6 27. Re4 c4 28.
Qd2 d3 29. cxd3 cxd3 30. Rd1 Rd8 31. b4 Rc6 32. Rc1 Rxc1 33. Qxc1 d2 34. Qd1 Qc6
35. Kf1 Qc1 36. Ke2 axb4 37. Rxb4 Qc5 38. Re4 Qg1 39. Qxg1 Bxg1 40. Kd1 Rd3 41.
e6 Kd8 42. e7+ Ke8 43. Bxc7 Rxf3 44. Kxd2 Rf2+ 45. Kd3 Rf7 46. Bd6 Rf3+ 47. Kc4
Rf1 48. a5 Rc1+ 49. Kb5 Rb1+ 50. Rb4 Rxb4+ 51. Bxb4 Bf2 52. a6 Ba7 53. Bc5 Bb8
54. a7 Bxa7 55. Bxa7 Kxe7 56. Be3 Ke6 57. Bg5 Kf5 58. Kc6 Ke6 59. Kc5 Ke5 60.
Kc6 Ke6 61. Kc7 Ke5 62. Kd7 Kf5 63. Ke7 Ke5 64. Kf7 Kf5 65. Kg7 Ke6 66. Kxg6 Kd7
67. Kxh5 Ke8 68. Kg6 Kf8 69. Kh7 Kf7 70. h5 Kf8 71. Bc1 Kf7 72. Ba3 Kf6 73. h6
Kg5 74. Kg7 Kh5 75. h7 Kg5 76. Be7+ Kf5 77. h8=Q 1-0

[Event "Women's Speed Chess Q2"]
[Site "chess.com INT"]
[Date "2020.06.19"]
[Round "11"]
[White "Shvedova, Alexandra"]
[Black "Tarasova, Viktoriya"]
[Result "1-0"]
[WhiteTitle "WFM"]
[BlackTitle "WIM"]
[WhiteElo "1994"]
[BlackElo "2226"]
[WhiteFideId "54154782"]
[BlackFideId "4175840"]
[EventDate "2020.06.19"]

1. e4 c5 2. Nf3 d6 3. d4 cxd4 4. Nxd4 Nf6 5. Nc3 a6 6. Be3 e5 7. Nf3 Be7 8. Bc4
Be6 9. Bb3 O-O 10. O-O Nc6 11. Bg5 Bg4 12. Bxf6 Bxf6 13. h3 Bh5 14. Qd3 Bxf3 15.
Qxf3 Nd4 16. Qd3 Bg5 17. Nd5 Bh6 18. c3 Ne6 19. Rad1 Rc8 20. Rfe1 Kh8 21. Kh2
Qh4 22. g3 Qd8 23. Kg2 Nc5 24. Qc2 b5 25. Qe2 Rc6 26. Bc2 Ne6 27. Qh5 a5 28. a3
Qg5 29. Qxg5 Bxg5 30. h4 Bd8 31. Ne3 g6 32. Rd5 Nc7 33. Rd2 Kg7 34. Red1 Be7 35.
Bd3 Rb6 36. Bc2 Rbb8 37. Bb3 f5 38. exf5 gxf5 39. Nd5 Nxd5 40. Rxd5 f4 41. Bc2
fxg3 42. fxg3 b4 43. axb4 axb4 44. c4 b3 45. Be4 Rbc8 46. Rc1 Rf6 47. Rb5 Rcf8
48. Rxb3 Rf2+ 49. Kg1 Re2 50. Rb7 Rxe4 51. Rxe7+ Kh8 52. Re6 Rd4 53. Re7 Rd2 54.
Ra1 Kg8 55. Raa7 Rd1+ 56. Kg2 Rff1 57. Rg7+ Kf8 58. Rxh7 Rg1+ 59. Kf2 Rgf1+ 60.
Kg2 Rg1+ 61. Kf2 Rdf1+ 62. Ke2 Re1+ 63. Kf2 Rb1 64. Rh8# 1-0

[Event "Women's Speed Chess Q2"]
[Site "chess.com INT"]
[Date "2020.06.19"]
[Round "11"]
[White "Swati, Mohota"]
[Black "Andriasyan, Siranush"]
[Result "1/2-1/2"]
[WhiteTitle "WFM"]
[BlackTitle "WIM"]
[WhiteElo "2027"]
[BlackElo "2298"]
[WhiteFideId "5006511"]
[BlackFideId "13301926"]
[EventDate "2020.06.19"]

1. d4 Nf6 2. c4 e6 3. Bg5 d5 4. Nc3 Be7 5. e3 c6 6. Nf3 O-O 7. Qc2 b6 8. cxd5
exd5 9. Bd3 h6 10. Bh4 c5 11. Ne5 c4 12. Bf5 Bxf5 13. Qxf5 Qd6 14. Bxf6 Bxf6 15.
Ng4 Rd8 16. Nxf6+ Qxf6 17. Qxf6 gxf6 18. Ke2 Nc6 19. Rhd1 f5 20. Kf3 Kg7 21.
Rac1 Nb4 22. a3 Nd3 23. Rc2 a6 24. Rcd2 b5 25. Ne2 a5 26. b3 b4 27. a4 Rac8 28.
h3 Kf6 29. Ng3 Kg5 30. Ne2 Re8 31. Rc2 h5 32. g3 h4 33. Rcd2 Re4 34. Rc2 hxg3
35. Nxg3 Ree8 36. Ne2 f4 37. exf4+ Kf5 38. Ng3+ Kf6 39. Nh5+ Kg6 40. Ng3 Kf6 41.
Nh5+ Kg6 42. Ng3 Kg7 43. Nf5+ Kf6 44. Nd6 Ne1+ 45. Rxe1 Rxe1 46. Nxc8 c3 47. Nb6
Rb1 48. Nxd5+ Ke6 49. Ne3 Rxb3 50. Nc4 Rb1 51. Nxa5 Kd5 52. f5 Kxd4 53. f6 Kd3
54. Ra2 c2 55. Rxc2 Kxc2 56. Kf4 Ra1 57. Nc6 Rxa4 58. Nxb4+ Rxb4+ 59. Kg5 Kd3
60. Kh6 Ke4 61. Kg7 Rb7 62. h4 Kf5 63. h5 Rb6 64. h6 Rxf6 65. h7 Rg6+ 66. Kxf7
Rh6 67. Kg7 Rh2 68. h8=Q Rxh8 69. Kxh8 Kf4 70. Kg7 Kf3 71. Kf6 Kxf2 1/2-1/2

[Event "Women's Speed Chess Q2"]
[Site "chess.com INT"]
[Date "2020.06.19"]
[Round "11"]
[White "Munkhzul, Davaakhuu"]
[Black "Sviridova, Vlada"]
[Result "1/2-1/2"]
[WhiteTitle "WFM"]
[BlackTitle "WFM"]
[WhiteElo "1991"]
[BlackElo "2144"]
[WhiteFideId "4902815"]
[BlackFideId "24109606"]
[EventDate "2020.06.19"]

1. e4 e6 2. d4 d5 3. Nd2 c5 4. exd5 Qxd5 5. dxc5 Bxc5 6. Ngf3 Nf6 7. Bc4 Qc6 8.
Qe2 O-O 9. O-O a6 10. Bd3 Nbd7 11. Ne4 Be7 12. Bg5 Qc7 13. Rad1 Re8 14. c3 Ra7
15. Bc2 b6 16. Nxf6+ Nxf6 17. Ne5 Qc5 18. Bxf6 Bxf6 19. Ng4 Qe7 20. Nxf6+ Qxf6
21. Rd3 Rc7 22. Rh3 g6 23. Rf3 Qe7 24. Qe5 Bb7 25. Rh3 Rc5 26. Qe3 Qg5 27. Qxg5
Rxg5 28. Rg3 Re5 29. Rd1 Re2 30. Bb3 Bc6 31. h3 Rxb2 32. Rd6 Rc8 33. Rgd3 Kg7
34. Rd8 Rc7 35. R3d6 a5 36. Rb8 a4 37. Bd1 b5 38. Rb6 Bd5 39. Bxa4 Rxa2 40. Bxb5
Rxc3 41. Bc6 Bxc6 42. Rbxc6 Rxc6 43. Rxc6 Kf6 44. g3 h5 45. Kg2 Ra3 46. h4 Kf5
47. Rc5+ e5 48. Rc7 f6 49. Rb7 Ra2 50. Rb6 g5 51. hxg5 fxg5 52. Rh6 Kg4 53. Rh8
e4 54. Re8 Ra4 55. Re7 Kf5 56. Rf7+ Kg6 57. Rf8 Ra2 58. Re8 Ra4 59. Re7 Kf6 60.
Re8 g4 61. Rh8 Kg6 62. Re8 Kf5 63. Rf8+ Ke5 64. Rh8 Kd4 65. Rxh5 Ra2 66. Rf5 e3
67. Kf1 Ra1+ 68. Ke2 Ra2+ 69. Kf1 e2+ 70. Ke1 Kd3 71. Rd5+ Ke4 72. Rd8 Kf3 73.
Rf8+ Kg2 74. Re8 Kf3 75. Re3+ Kg2 76. Rxe2 Ra1+ 77. Kd2 Rf1 78. Ke3 Kg1 79. f4
Rf3+ 80. Ke4 Rxg3 81. f5 Ra3 82. Ke5 g3 83. f6 g2 84. Ke6 Rf3 85. Rxg2+ Kxg2 86.
f7 Kg3 87. Ke7 Kg4 88. f8=Q Rxf8 89. Kxf8 1/2-1/2

[Event "Women's Speed Chess Q2"]
[Site "chess.com INT"]
[Date "2020.06.19"]
[Round "11"]
[White "Shuvalova, Polina"]
[Black "Chitlange, Sakshi"]
[Result "1/2-1/2"]
[WhiteTitle "WGM"]
[BlackTitle "WIM"]
[WhiteElo "2454"]
[BlackElo "2167"]
[WhiteFideId "24171760"]
[BlackFideId "35002899"]
[EventDate "2020.06.19"]

1. e4 c6 2. d4 d5 3. exd5 cxd5 4. Bd3 Nc6 5. c3 Nf6 6. h3 g6 7. Qc2 Bg7 8. Nf3
O-O 9. O-O Qc7 10. Re1 Nh5 11. Be3 Bd7 12. Nbd2 a6 13. Nb3 b6 14. Qd2 Bf5 15.
Bf1 Nf6 16. g4 Ne4 17. Qd1 Be6 18. Qc1 Qc8 19. Bg2 Nd6 20. Ng5 Nc4 21. Bf4 Qd7
22. Nd2 Nxd2 23. Qxd2 Nd8 24. c4 Rc8 25. Rac1 h6 26. cxd5 Rxc1 27. Rxc1 hxg5 28.
dxe6 Nxe6 29. Be3 Bxd4 30. Bxd4 Nxd4 31. Kh1 Rd8 32. Qxg5 Ne6 33. Qe3 Qd2 34. b3
Nf4 35. Re1 Qxe3 36. Rxe3 Nxg2 37. Kxg2 Kf8 38. Re2 Rd3 39. f3 b5 40. Kf2 Ke8
41. h4 Kf8 42. Rc2 Rd6 43. Ke3 Kg7 44. Rc7 Kf6 45. Ra7 Rc6 46. Kd3 Ke5 47. Ke3
Kf6 48. f4 Kg7 49. Ke4 e6 50. g5 Kg8 51. a3 Kg7 52. b4 Kg8 53. Ke5 Kg7 54. Kd4
Kg8 55. Ke4 Rc4+ 56. Ke5 Rc6 57. Kf6 e5+ 58. Kxe5 Re6+ 59. Kd5 Kg7 60. h5 gxh5
61. f5 Rb6 62. g6 Rf6 63. Ke5 h4 64. gxf7 Rxf7 65. Rxa6 h3 66. Rc6 h2 67. Rc1
Re7+ 68. Kf4 Re2 69. Rh1 Kf6 70. Kg3 Re3+ 71. Kf4 Rxa3 72. Rxh2 Rb3 73. Rh6+ Kf7
74. Rb6 Rxb4+ 75. Kg5 Rb1 76. Rb7+ Ke8 77. Kf6 b4 78. Rb8+ Kd7 79. Kf7 b3 80. f6
b2 81. Rb7+ Kc8 82. Rb3 Kd7 83. Rd3+ Kc7 84. Rc3+ Kd7 85. Rb3 Kc7 86. Rb4 Kd7
87. Rb7+ Kc8 88. Rb6 Kd7 89. Kf8 Kd8 90. f7 Kd7 91. Rb3 Kd8 92. Rd3+ Kc7 93.
Rc3+ Kd7 94. Rb3 Kd8 95. Rd3+ Kc7 96. Rd2 Kc8 97. Rc2+ Kd7 98. Rd2+ Kc8 99. Re2
Kd7 100. Rd2+ Kc8 1/2-1/2

[Event "Women's Speed Chess Q2"]
[Site "chess.com INT"]
[Date "2020.06.19"]
[Round "11"]
[White "Mohota, Nisha"]
[Black "Juhasz, Barbara"]
[Result "0-1"]
[WhiteTitle "IM"]
[BlackTitle "WIM"]
[WhiteElo "2195"]
[BlackElo "2223"]
[WhiteFideId "5004330"]
[BlackFideId "743585"]
[EventDate "2020.06.19"]

1. e4 c5 2. Nf3 Nc6 3. Bb5 g6 4. Bxc6 dxc6 5. d3 Bg7 6. h3 Nf6 7. Nc3 O-O 8. Be3
b6 9. O-O e5 10. Nh2 Nh5 11. Qd2 Qd6 12. a4 a5 13. Ne2 Be6 14. b3 f5 15. exf5
gxf5 16. Bh6 f4 17. Bxg7 Nxg7 18. Nf3 Bd5 19. Kh2 Bxf3 20. gxf3 Rf6 21. Nc3 Rh6
22. Rg1 Qe6 23. Rg4 Kh8 24. Rag1 Nf5 25. Ne4 Nd4 26. Qd1 Rf8 27. Kg2 Rg8 28. Rh1
Rhg6 29. Kf1 h5 30. Rxg6 Qxg6 31. Ke1 Qg2 32. Kd2 Nxf3+ 33. Kc3 Rg7 34. Qf1 Nd4
35. Qd1 Qf3 36. Qxf3 Nxf3 37. Nd2 Nxd2 38. Kxd2 Kg8 39. Ke2 Kf7 40. Kf3 Kf6 41.
Ke4 Rg2 42. Kf3 Rg6 43. Ke4 Ke6 44. c4 Rg2 45. Kf3 Rg7 46. Ke4 Rd7 47. Rg1 Rd4+
48. Kf3 Rxd3+ 49. Ke2 Rxh3 50. Rg6+ Kf5 51. Rxc6 Rxb3 52. Rh6 Ke4 53. Rxh5 Rb2+
54. Kf1 f3 55. Kg1 Kd4 56. Rh4+ e4 57. Rf4 Kd3 58. Rf8 Rb1+ 59. Kh2 Ke2 60. Re8
Kd3 61. Re7 Re1 62. Rb7 Kxc4 63. Rxb6 Kd3 64. Kg3 c4 65. Rd6+ Ke2 66. Re6 c3 67.
Rxe4+ Kd1 68. Rd4+ Ke2 69. Re4+ Kd2 70. Rd4+ Kc2 71. Kxf3 Kb2 72. Rc4 c2 73. Rc5
c1=Q 74. Rxc1 Rxc1 75. Kg4 Kb3 76. f4 Kxa4 77. f5 Rf1 78. f6 Kb3 79. Kg5 Rxf6
80. Kxf6 a4 81. Ke5 a3 82. Kd6 a2 83. Ke7 a1=Q 84. Ke6 Qd4 85. Kf5 Kc4 86. Kg6
Kd5 87. Kh7 Qg4 88. Kh8 Ke6 89. Kh7 Kf7 90. Kh8 Qh3# 0-1

[Event "Women's Speed Chess Q2"]
[Site "chess.com INT"]
[Date "2020.06.19"]
[Round "12"]
[White "Morris-Suzuki, Sophie"]
[Black "Antolak, Julia"]
[Result "1-0"]
[WhiteTitle "WFM"]
[BlackTitle "WIM"]
[WhiteElo "2043"]
[BlackElo "2323"]
[WhiteFideId "30922615"]
[BlackFideId "1159569"]
[EventDate "2020.06.19"]

1. e4 c5 2. Nf3 e6 3. d4 cxd4 4. Nxd4 Nf6 5. Nc3 d6 6. Be3 a6 7. g4 h6 8. Qf3
Qc7 9. Qh3 e5 10. Nf5 g6 11. g5 gxf5 12. exf5 Ng8 13. Nd5 Qa5+ 14. Nc3 Ne7 15.
Bd3 d5 16. Bd2 e4 17. Nxe4 Bxf5 18. Nd6+ Kd8 19. Bxa5+ 1-0

[Event "Women's Speed Chess Q2"]
[Site "chess.com INT"]
[Date "2020.06.19"]
[Round "12"]
[White "Tarasova, Viktoriya"]
[Black "Cagara, Paulina"]
[Result "1-0"]
[WhiteTitle "WIM"]
[WhiteElo "2226"]
[BlackElo "2054"]
[WhiteFideId "4175840"]
[BlackFideId "1124870"]
[EventDate "2020.06.19"]

1. d4 f5 2. c4 Nf6 3. g3 g6 4. Bg2 Bg7 5. Nf3 d6 6. O-O O-O 7. Nc3 Qe8 8. b3 c6
9. Re1 e5 10. dxe5 dxe5 11. e4 f4 12. Ba3 Ng4 13. Bxf8 Bxf8 14. h3 Nh6 15. g4
Bc5 16. Na4 Bb4 17. Re2 b5 18. cxb5 cxb5 19. a3 Ba5 20. Nc5 Bb6 21. b4 Nd7 22.
Qb3+ Kh8 23. Rc1 Nf6 24. g5 Bxc5 25. bxc5 Be6 26. Qc3 Bc4 27. Ree1 Nd7 28. gxh6
Rc8 29. Rcd1 1-0

[Event "Women's Speed Chess Q2"]
[Site "chess.com INT"]
[Date "2020.06.19"]
[Round "12"]
[White "Arabidze, Meri"]
[Black "Yip, Carissa"]
[Result "1-0"]
[WhiteTitle "IM"]
[BlackTitle "IM"]
[WhiteElo "2428"]
[BlackElo "2420"]
[WhiteFideId "13604040"]
[BlackFideId "2090732"]
[EventDate "2020.06.19"]

1. d4 g6 2. c4 Bg7 3. Nf3 e6 4. g3 d5 5. Bg2 Ne7 6. O-O O-O 7. Qc2 Nbc6 8. Rd1
b6 9. Bf4 Ba6 10. Na3 Rc8 11. Rac1 Na5 12. b3 Nf5 13. Be5 Qe7 14. Bxg7 Kxg7 15.
Qb2 Rfd8 16. Ne5 Bb7 17. b4 Nc6 18. cxd5 Nxe5 19. dxe5 exd5 20. Nb5 c6 21. Nxa7
Rc7 22. b5 c5 23. Nc6 Bxc6 24. bxc6 d4 25. Qxb6 Qxe5 26. Qxc5 Qxe2 27. a4 d3 28.
Re1 Qa2 29. Qe5+ 1-0

[Event "Women's Speed Chess Q2"]
[Site "chess.com INT"]
[Date "2020.06.19"]
[Round "12"]
[White "Gevorgyan, Maria"]
[Black "Mammadova, Gulnar"]
[Result "0-1"]
[WhiteTitle "WGM"]
[BlackTitle "IM"]
[WhiteElo "2228"]
[BlackElo "2382"]
[WhiteFideId "13300270"]
[BlackFideId "13403508"]
[EventDate "2020.06.19"]

1. e4 e6 2. d4 d5 3. Bd3 Nf6 4. exd5 exd5 5. c3 c5 6. Ne2 c4 7. Bc2 Nc6 8. O-O
Bd6 9. Nd2 Bg4 10. f3 Bh5 11. Ng3 O-O 12. Nxh5 Nxh5 13. Qe1 Re8 14. Qf2 Nf4 15.
Re1 Qg5 16. Rxe8+ Rxe8 17. Kf1 Re2 18. Qxe2 Nxe2 19. Kxe2 Qxg2+ 20. Ke1 Bxh2 21.
Nf1 Qxc2 0-1

[Event "Women's Speed Chess Q2"]
[Site "chess.com INT"]
[Date "2020.06.19"]
[Round "12"]
[White "Dwilewicz, Katarzyna"]
[Black "Paehtz, Elisabeth"]
[Result "1-0"]
[WhiteTitle "WFM"]
[BlackTitle "IM"]
[WhiteElo "2120"]
[BlackElo "2473"]
[WhiteFideId "1148486"]
[BlackFideId "4641833"]
[EventDate "2020.06.19"]

1. e4 d5 2. exd5 Nf6 3. Nf3 Qxd5 4. d4 Bg4 5. Be2 Nc6 6. h3 Bh5 7. c4 Qa5+ 8.
Bd2 Qb6 9. c5 Bxf3 10. cxb6 Bxg2 11. Rg1 Bxh3 12. bxc7 e6 13. Bb5 Bd6 14. Rxg7
Bxc7 15. Qa4 Kf8 16. Bh6 Ng8 17. Qa3+ Nce7 18. Rxh7+ Nxh6 19. Rxh8+ Ng8 20. Qxh3
Nf5 21. Qg4 Ne7 22. Nc3 a6 23. Bd3 Rd8 24. Bh7 1-0

[Event "Women's Speed Chess Q2"]
[Site "chess.com INT"]
[Date "2020.06.19"]
[Round "12"]
[White "Protopopova, Anastasiya"]
[Black "Eswaran, Aksithi"]
[Result "1-0"]
[WhiteTitle "WFM"]
[BlackTitle "WCM"]
[WhiteElo "2192"]
[BlackElo "1745"]
[WhiteFideId "24172073"]
[BlackFideId "2083485"]
[EventDate "2020.06.19"]

1. d4 d5 2. c4 c6 3. Nf3 Nf6 4. Nc3 e6 5. Bg5 Be7 6. e3 Nbd7 7. cxd5 exd5 8. Qc2
O-O 9. Bd3 Re8 10. Bf4 a6 11. O-O h6 12. h3 Bf8 13. Rab1 Nb6 14. Ne5 Bd6 15. b4
Qc7 16. Bh2 Qe7 17. f4 Nbd7 18. Qb3 b6 19. Rfe1 c5 20. Nxd5 Bb7 21. Nxe7+ 1-0

[Event "Women's Speed Chess Q2"]
[Site "chess.com INT"]
[Date "2020.06.19"]
[Round "12"]
[White "Lesbekova, Asel"]
[Black "Gokbulut, Julia"]
[Result "1-0"]
[WhiteTitle "WCM"]
[BlackTitle "WFM"]
[WhiteElo "1920"]
[BlackElo "1970"]
[WhiteFideId "13713248"]
[BlackFideId "4153979"]
[EventDate "2020.06.19"]

1. e4 c6 2. d4 d5 3. Nd2 dxe4 4. Nxe4 Bf5 5. Ng3 Bg6 6. Nh3 e6 7. Nf4 Bd6 8. Be3
Bxf4 9. Bxf4 Ne7 10. h4 h6 11. c3 Nd5 12. Qf3 Nxf4 13. Qxf4 O-O 14. Qe3 Qb6 15.
O-O-O Qa5 16. a3 Qa4 17. Bd3 Bxd3 18. Qxd3 Nd7 19. Ne4 b5 20. g4 a5 21. g5 h5
22. g6 f6 23. Qf3 f5 24. Qxh5 Nf6 25. Nxf6+ Rxf6 26. Qh7+ Kf8 27. Qh8+ Ke7 28.
Qxg7+ Kd6 29. Qxf6 b4 30. Rhe1 Qb3 31. d5 Rc8 32. Qxe6+ Kc7 33. d6+ 1-0

[Event "Women's Speed Chess Q2"]
[Site "chess.com INT"]
[Date "2020.06.19"]
[Round "12"]
[White "Nguyen, Thi Mai Hung"]
[Black "Arakhamia-Grant, Ketevan"]
[Result "0-1"]
[WhiteTitle "WGM"]
[BlackTitle "GM"]
[WhiteElo "2258"]
[BlackElo "2380"]
[WhiteFideId "12401676"]
[BlackFideId "13600168"]
[EventDate "2020.06.19"]

1. d4 Nf6 2. Nf3 g6 3. g3 Bg7 4. Bg2 O-O 5. O-O d5 6. c4 c6 7. Qc2 Ne4 8. Nc3 f5
9. Rd1 e6 10. Bf4 Nd7 11. Ne5 g5 12. Nxd7 Bxd7 13. Be5 Bxe5 14. dxe5 Qb6 15.
Nxe4 fxe4 16. e3 Be8 17. Bh3 Bf7 18. Rac1 Rae8 19. Qc3 Bh5 20. Rd2 Bf3 21. b4
Qd8 22. a4 g4 23. Bf1 Qg5 24. b5 Rf5 25. bxc6 bxc6 26. cxd5 cxd5 27. Qc6 Qh5 28.
Rb2 Qxh2+ 29. Kxh2 Rh5+ 30. Bh3 Rxh3+ 31. Kg1 Rh1# 0-1